Trigonometry/ (Record no. 1431)
[ view plain ]
| 000 -LEADER | |
|---|---|
| fixed length control field | 00600nam a22001937a 4500 |
| 005 - DATE AND TIME OF LATEST TRANSACTION | |
| control field | 20241122130910.0 |
| 008 - FIXED-LENGTH DATA ELEMENTS--GENERAL INFORMATION | |
| fixed length control field | 241122b |||||||| |||| 00| 0 eng d |
| 020 ## - INTERNATIONAL STANDARD BOOK NUMBER | |
| International Standard Book Number | 9780321530400 |
| 050 ## - LIBRARY OF CONGRESS CALL NUMBER | |
| Classification number | QA154.2 |
| Item number | .L49 |
| 100 ## - MAIN ENTRY--PERSONAL NAME | |
| Personal name | Lial, Margaret L. |
| 245 ## - TITLE STATEMENT | |
| Title | Trigonometry/ |
| Remainder of title | Student's Solution Manual, Beverly Fusfield |
| Statement of responsibility, etc. | Margaret L. Lial, John Hornsby & David I. Schneider |
| 250 ## - EDITION STATEMENT | |
| Edition statement | 9th Ed. |
| 260 ## - PUBLICATION, DISTRIBUTION, ETC. | |
| Place of publication, distribution, etc. | Boston |
| Name of publisher, distributor, etc. | Pearson Addison-Wesley |
| Date of publication, distribution, etc. | 2009 |
| 300 ## - PHYSICAL DESCRIPTION | |
| Extent | 250p. |
| Other physical details | ill. |
| Dimensions | 28cm |
| 650 ## - SUBJECT ADDED ENTRY--TOPICAL TERM | |
| Source of heading or term | Trigonometry |
| 700 ## - ADDED ENTRY--PERSONAL NAME | |
| Personal name | Hornsby, John |
| 700 ## - ADDED ENTRY--PERSONAL NAME | |
| Personal name | Schneider, David I. |
| 942 ## - ADDED ENTRY ELEMENTS (KOHA) | |
| Source of classification or shelving scheme | Library of Congress Classification |
| Koha item type | Books |
| Edition | 9th Ed. |
| Suppress in OPAC | No |
| 999 ## - | |
| -- | 1431 |
| -- | 1431 |
| Withdrawn status | Lost status | Source of classification or shelving scheme | Damaged status | Not for loan | Collection | Home library | Current library | Shelving location | Date acquired | Total checkouts | Full call number | Barcode | Date last seen | Copy number | Price effective from | Koha item type |
|---|---|---|---|---|---|---|---|---|---|---|---|---|---|---|---|---|
| Library of Congress Classification | Non-fiction | Science Library (Miotso) | Science Library (Miotso) | General stacks | 11/22/2024 | QA154.2 L49 LIA | SLM00000748 | 11/22/2024 | 1 | 11/22/2024 | Books |